Hospodárska politika ako rozhodujúci faktor pri zvažovaní pristúpenia SR k EMÚ
Pozitívne a negatívne stránky zavedenia eura u nás. Môžeme ich sledovať na krajinách, ktoré pristúpili k EMÚ už skôr, napr. na Grécku. Táto krajina je vo viacerých ukazovateľoch veľmi podobná SR. Výsledky zavedenia eura v Holandsku a Dánsku sú opačné ako v Grécku. Z analýzy vyplýva, že zavedenie eur...
Salvato in:
| Autore principale: | |
|---|---|
| Natura: | Capitolo di libro |
| Lingua: | slovacco |
| Soggetti: | |
| Tags: |
Nessun Tag, puoi essere il primo ad aggiungerne!!
|
MARC
| LEADER | 00000naa$a2200000$$$4500 | ||
|---|---|---|---|
| 001 | 0036452 | ||
| 005 | 20221104090907.8 | ||
| 041 | 0 | |a slo | |
| 044 | |a SK | ||
| 245 | 1 | 0 | |a Hospodárska politika ako rozhodujúci faktor pri zvažovaní pristúpenia SR k EMÚ |c Ivan Poliačik |
| 520 | |a Pozitívne a negatívne stránky zavedenia eura u nás. Môžeme ich sledovať na krajinách, ktoré pristúpili k EMÚ už skôr, napr. na Grécku. Táto krajina je vo viacerých ukazovateľoch veľmi podobná SR. Výsledky zavedenia eura v Holandsku a Dánsku sú opačné ako v Grécku. Z analýzy vyplýva, že zavedenie eura v SR prinesie do ekonomiky potrebnú stabilitu, spôsobí však aj obmedzenie nástrojov hospodárskej politiky a pravdepodobne aj spomalenie rastu HDP kvôli dodržiavaniu prísnych maastrichtských kritérií. Ak vstúpime do EMÚ nepripravení a s nízkou životnou úrovňou v porovnaní s priemerom EÚ, budeme mať problémy dosiahnuť požadovaný rast potrebný pre zvyšovanie životnej úrovne v prísnych makroekonomických podmienkach EMÚ. | ||
| 610 | 2 | 0 | |a euro |
| 610 | 2 | 0 | |a euromena |
| 610 | 2 | 0 | |a Slovensko |
| 610 | 2 | 0 | |a politika hospodárska |
| 610 | 2 | 0 | |a Grécko |
| 610 | 2 | 0 | |a Holandsko |
| 610 | 2 | 0 | |a Dánsko |
| 610 | 2 | 0 | |a úroveň životná |
| 100 | 1 | |a Poliačik, Ivan | |